Quiz à la manière de Questions pour un champion #2 - Statistiques

Statistiques générales
  • Ce quiz a été pris 79 fois
  • Le résultat moyen est 14 sur 40
Statistiques - réponses
Difficulté Thème Question Réponse % Correct
1 Botanique Céréale souvent consommée sous forme de flocons au petit déjeuner Avoine
94%
4 Animaux Organes respiratoires de certains animaux, je suis composés de tissus minces et feuilletés, fortement vascularisés et étanches à toute circulation d’eau Branchies
75%
1 Architecture Partie d'un bâtiment situé au niveau du sol Rez-de-chaussée
72%
1 Culture Générale Notion abstraite précédant l'égalité et la fraternité dans la devise française Liberté
66%
4 Jeu-Vidéo Personnage apparu pour la première fois en 1981 dans un jeu où je devais sauver une certaine Pauline. Initialement appelé Mr. Video, puis Jumpman, c’est finalement sous le prénom qui m’a rendu célèbre que le monde entier me connaît aujourd’hui Mario
60%
3 Gastronomie Préparation culinaire très simple à réaliser, servis dans la salade César, je consiste à cuire mon unique ingrédient à l'eau bouillante dans sa coquille pendant 6 minutes Œuf mollet
55%
1 Culture Générale Activité exercée de façon libre et sans contrepartie financière, je suis souvent accomplie au service des autres Bénévolat
54%
1 Médecine Etat psychologique ressenti lorsqu’on est empêché d’atteindre un but, un désir ou un besoin Frustration
54%
2 Géographie Etat monarchique dirigé depuis 1999 par le roi Abdallah II, j'ai pour capitale Amman Jordanie
51%
3 Culture générale Carte qualifiée de tournant au gin rami, je rapporte 100 points à la belote si je forme un carré, et je me trouve entre le valet et le 10 à l'écarté As
48%
1 Mythologie Glaive suspendu au-dessus de la tête d'un courtisan de Syracuse auquel je suis associé L'épée de Damoclès
48%
2 Année Année assistant au découpage de la France en 83 départements, deuxième année de la Révolution française 1790
46%
2 Médecine Examen médical proposé gratuitement depuis 2004 tous les deux ans aux femmes âgées de 50 à 74 ans, je vise à dépister un cancer fréquent Mammographie
46%
2 Gastronomie Légume aussi connu sous les noms de chicon ou chicorée de Belgique, principalement appelés ainsi dans le Nord de la France, en Belgique et au Luxembourg Endive
42%
2 Animaux Oiseau réputé pour son intelligence, mon espèce dite freux est nuisible au culture mais je me nourris également de charogne Corbeau
40%
3 Mythologie Divinité grecque avalée à la naissance par mon père Cronos, je suis libérée par mon frère Zeus, que j’épouse. Protectrice du mariage et de la femme, je suis souvent décrite comme jalouse et vindicative Héra
40%
1 Gastronomie Ustensile utilisé pour découper facilement des formes variées dans des abaisses de pâte, comme la pâte sablée Emporte-pièce
38%
4 Cinéma Acteur né à Dunkerque en 1967, j’ai débuté à la télévision avec la troupe des Robins des Bois avant de tourner au cinéma dans des comédies comme "RRRrrrr!!!" Jean-Paul Rouve
38%
2 Histoire Groupement ayant pour objectif d'apporter le soutient nécessaire à la consolidation de la paix sous l'égide des Nations Unies les Casques bleus
38%
3 Géographie Etat essentiellement constitué de hautes terres dont le point culminant est l'Ararat, je suis irrigué par le Tigre et l'Euphrate Turquie
34%
4 Art Pièce de mobilier sans structure rigide, je deviens un objet culte avec le modèle Sacco ou poire créé en 1968 par des designers italiens Pouf
31%
1 Littérature Garçon espiègle, j’ai été imaginé par Sempé et Goscinny. Mon meilleur ami s’appelle Alceste et il adore manger Le Petit Nicolas
28%
2 Musique Chanson exprimant les tourments d'une jeune fille qui se sent seule et mal-aimée, tandis que les jeunes de son âge se promènent deux par deux dans la rue Tous les garçons et les filles
28%
3 Cinéma Actrice américaine, je tourne dans les films "Des hommes d'honneur", "Harcèlement" ou "Proposition indécente", après des succès comme "Striptease" ou "La Jurée" Demi Moore
26%
3 Sport Footballeur français, je signe en 2004 à Liverpool, club avec lequel je remporte peu après la Ligue des Champions ayant notamment joué par la suite en Grèce, en Italie, au Qatar Djibril Cissé
26%
3 Mythologie Dieu romain à qui Numa Pompilius fit ériger un temple sur le Forum, dont les portes restent ouvertes en temps de guerre, je suis représenté avec deux visages tournés vers le passé et l’avenir Janus
23%
1 Culture générale Expression imagée évoquant le fait d’imposer des idées de manière insistante, jusqu’à forcer leur entrée dans l’esprit de quelqu’un Bourrage de crâne
22%
2 Histoire Homme d'État né en 1918 et président en 1956, je défends une politique fondée sur le non-alignement et le panarabisme Gamal Abdel Nasser
22%
1 Gastronomie Produit laitier non-affiné, je présente une texture lisse ou caillée selon sa fabrication Fromage blanc
20%
4 Botanique Arbre cultivé dans des plantations appelées pessières, je suis connu sous le nom d’épinette au Québec. Je compte une cinquantaine d’espèces, toutes situées dans l’hémisphère Nord, généralement en montagne Epicéa
17%
4 Culture Générale Disposition désignée par une locution, je distingue certains musiciens comme Mozart et suis plus fréquente chez les locuteurs de langues à tons comme le mandarin Oreille absolue
17%
2 Histoire Accords reconnaissant l'annexion du territoire des Sudètes par l'Allemagne Accords de Munich
15%
2 Littérature Roman publié en 1941, je raconte l’histoire de Pierre Servettaz, un jeune homme aspirant à devenir guide de haute montagne Premier de cordée
15%
4 Science et Technique Arme dont Léonard de Vinci dessina vers 1489 un modèle géant monté sur six roues, j'ai été proscrite car considérée comme trop redoutable par le Concile du Latran en 1139 Arbalète
14%
4 Histoire Bataille au cours de laquelle Charles d'Orléans fut fait prisonnier, je marque une lourde défaite pour les Français et ouvre la voie à la conquête de la Normandie par Henri V Bataille d'Azincourt
12%
4 Vêtement Vêtement ample, je désigne aussi en marine un point de navigation, et mon nom apparaît dans une expression signifiant en cachette Cape
11%
3 Animaux Chien de garde descendant du Pinscher, je suis loyal, intelligent, doté d’une allure fière et d’un tempérament fort, et je mesure environ 70 cm Dobermann
11%
3 Littérature Conte traditionnel mettant en scène un marchand et ses six enfants dont la cadette est la préférée La Belle et la Bête
6%
4 Architecture Complexe inauguré le 31 mai 1987, considéré comme l'un des plus novateurs de France, je comprends une vingtaine de pavillons dus à l'architecte français Denis Laming Futuroscope
5%
3 Art Tableau à fond noir représentant quatre personnages autour d'une table de jeu, dont un jeune homme à l’élégance raffinée et, face à lui, une courtisane au décolleté généreux, unis dans une tension silencieuse par un jeu de regards Le Tricheur à l'as de carreau
5%
Aucun quiz correspondant
Distribution des résultats
% des personnes avec chaque résultat
Percentile par nombre de réponses
Votre historique - résultats
Vous n’avez pas pris ce quiz